00736nam a2200133 4500008001300000020001800013082001800031100002100049245002700070260003700097300003400134505031800168600011600486731.092 E74l a9780997249255 a731.092bE74l aEscobar, Darío aThe life of the object aNueva YorkbLucia Marquandc2017 a168 p.bill (col)c24 x 29 cm tThe life of the object: Darío Escobar´s art and the eclipse of readymadetOn the Fluctuation of Misreading rOctavia ZayatPlatestNational TreasurerR. C. BakertIncorrect Grammar: Coversations with Darío EscobarrLaura A.L. WellentNotestSelected biographytCurriculumtContributors´ BiographiestCredits xarte contemporáneoxarte - esculturaxescultura - biografíaxGuatemalaxarte - crítica e interpretación